000 00315nam a2200121Ia 4500
008 201216s9999 xx 000 0 und d
100 _aCarlisle, Charles (Ed.)
245 0 _a(The) Illustrated Encyclopaedia of Mankind
260 _aNew York
_bMarshal Cavendish
300 _a1875
490 _vVol. 14.
942 _cBK
999 _c6559
_d6559